|
|
|
|
| LEADER |
00000cam a2200000 a 4500 |
| 001 |
vtls001314419 |
| 003 |
SK-MaSNL |
| 005 |
20260301235342.0 |
| 008 |
240226s1919 xxu 000 0 cze |
| 020 |
|
|
|c 180,00
|
| 035 |
|
|
|a SNK000266879
|
| 035 |
|
|
|a urn:nbn:sk:snk-am3hrv1
|
| 035 |
|
|
|a A7D64350-50AE-4DF3-AD66-C88A137F0808
|
| 035 |
|
|
|a urn:nbn:sk:snk-am00d72a
|
| 040 |
|
|
|a SNK
|b slo
|c SNK
|e AACR2
|
| 041 |
0 |
|
|a cze
|
| 044 |
|
|
|a xxu
|c US
|
| 080 |
|
|
|a 264-041:284.1
|2 1981
|
| 110 |
2 |
|
|a Evanjelická cirkev a.v.
|4 aut
|9 32425
|
| 245 |
1 |
0 |
|a Ve jménu Pána Ježíše toho ukřižovaného Pořádek svaté pašie jako I. v neděli Květnou II. ve Velký pátek v církvi evanjelické slovenské v Prešpurku každoročně před oltářem čtená bývá
|
| 250 |
|
|
|a 3. americké vyd.
|
| 260 |
|
|
|a Akron
|b Slovenská luteránska vydavateľská spol.
|c 1919
|
| 300 |
|
|
|a 68 s.
|c 15 cm
|
| 610 |
0 |
7 |
|a Evanjelická cirkev a.v.
|2 SNK
|9 32425
|
| 655 |
|
7 |
|a pašie
|2 SNK
|9 307178
|
| 958 |
|
|
|a ONDV
|
| 999 |
|
|
|c 974667
|d 976597
|
| 952 |
|
|
|t P60, <03>, [BOOK], {603}
|a SNK
|b SNK
|y PREZ
|7 0
|p 17A0112471
|o snkSE 9378
|i snkK 44/98
|0 0
|1 0
|4 0
|d 1998-01-14
|f 1
|l 0
|r 2005-01-02 00:00:00
|w 2026-02-24
|